Top 20 Most Common US Surnames - Statistics

General Stats
  • This quiz has been taken 251 times
  • The average score is 9 of 20
Answer Stats
Rank Surname % Correct
1 Smith
96%
2 Johnson
81%
4 Jones
75%
5 Brown
66%
13 Jackson
62%
14 White
60%
3 Williams
57%
10 Taylor
41%
12 Thomas
41%
8 Wilson
41%
17 Thompson
40%
6 Davis
36%
15 Harris
35%
7 Miller
35%
11 Anderson
34%
18 Garcia
34%
16 Martin
32%
20 Robinson
23%
19 Martinez
20%
9 Moore
11%
No matching quizzes found
Score Distribution
Percent of People with Each Score
Percentile by Number Answered
Your Score History
You have not taken this quiz